| 000 | 01097nam a2200301 a 4500 | ||
|---|---|---|---|
| 999 |
_c418028 _d418028 |
||
| 003 | BLK | ||
| 005 | 20250722105326.0 | ||
| 008 | 180413b bul|||||r ||||||| ||bul|| | ||
| 010 | _aKNG00017326000 | ||
| 020 | _a9786190206866 | ||
| 040 | _aBLK | ||
| 041 |
_aBUL _cBUL |
||
| 080 |
_aИспанска литература _b821.134.2 _x(83)-31 _z821.134.2(83)-31 |
||
| 100 | 1 |
_aАлиенде, Исабел _eпърви автор _930822 |
|
| 139 |
_aАлиенде, Исабел _bА 54 |
||
| 245 | 1 | 0 |
_aПриказки на Ева Луна _bРоман _cИсабел Алиенде; прев. от исп. Самуел Франсес. |
| 250 | _a3. изд. | ||
| 257 | _aBGR | ||
| 260 |
_aСофия _bКолибри _c2021 _9209486 _n978-619-02- ; 978-619-150- ; 978-954-150- ; 978-954-529- |
||
| 300 |
_a286 с. _c20 см |
||
| 380 | _aX | ||
| 500 | _aОриг. загл. Cuentos de Eva Luna / Isabel Allende. | ||
| 700 | 1 |
_aФрансес, Самуел _eпрев. от исп. _9260319 |
|
| 856 | 4 |
_qpdf _u |
|
| 856 | 4 |
_qpdf _u |
|
| 942 |
_cKNG _n0 _014 _s1 |
||
| 944 |
_k30576 _lЦветомила Тодорова |
||